000 00699nam a2200289Ia 4500
005 20260324145658.0
008 008 260324s9999 xx 000 0 eng d
020 _a9781315133904
037 _aEBOOK
040 _aCRL
040 _beng
040 _cCRL
041 _2eng
041 _aeng
084 _qCRL
100 _aWalter Laqueur
_9873317
245 4 _aThe Political Psychology of Appeasement
245 0 _bFinlandization and Other Unpopular Essays
260 _bTaylor and Francis
260 _c1980
365 _a
365 _b170
856 _uhttp://www.taylorfrancis.com/books/9781315133904
942 _cEBOOK
999 _c1832058
_d1832058